000 00582nam a2200181Ia 4500
008 100921s9999 xx 000 0 und d
082 _b18354
_a891.468 थ 83
100 _aबेडेकर दि.के.
245 _aललित चिंतन.
260 _bमागोवा प्रकाशन, पुणे.
_c1983
300 _a104
_b---
365 _b8
520 _aललित-संकीर्ण.
630 _aललित चिंतन.
650 _aललित-संकीर्ण.
730 _aललित चिंतन.
942 _cBOOK
999 _c767467
_d767464